000 00361nam a22001217a 4500
040 _cRUA
082 _aOFF HUN 2009 C108 Or.
100 _aHUN SEN ,
245 _aBoard Of Engineers Cambodia, គណៈវិស្វករកម្ពុជា ០៧ មេសា ២០០៩
260 _aPHNOM PENH
_bRUA
_c2009
300 _a79p.
_bill,
_c22cm,
942 _cREC
999 _c25457
_d25457